000 00743cam a2200253 a 4500
999 _c5618
_d5618
001 5618
003 BD-JhCC
005 20171219105459.0
008 880516s1988 nyua 000 0 eng
020 _a0070548706 (pbk.)
035 _a(BD-JhCC)5618
040 _aDLC
_cDLC
_dDLC
_dBD-JhCC
041 _aeng
050 0 0 _aQA76.754
_b.S275 1988
082 0 0 _a005.36/5
_219
_bSAR 1988
100 1 _aSaret, Laura.
245 1 0 _aUsing software tools :
_bWordStar 4.0, VP-planner/Lotus, and dBase III plus /
_cLaura Saret, Peter Dublin.
260 _aNew York :
_bMcGraw-Hill Book Co.,
_cc1988.
300 _axi, 20, [367] p. :
_bill. ;
_c28 cm.
650 0 _aComputer software.
700 1 _aDublin, Peter.
942 _2ddc
_cBK